[Event "ICS rated standard match"]
[Site "204.178.125.65"]
[Date "2001.07.28"]
[Round "?"]
[White "Hossa-Tester"]
[Black "Hossa"]
[Result "1-0"]
[WhiteElo "2012"]
[BlackElo "2086"]
[PlyCount "124"]
[EventDate "2001.??.??"]

1. e4 c6 2. d4 d5 3. Nd2 dxe4 4. Nxe4 Nd7 5. Bc4 e6 6. Qe2 Nb6 7. Bd3 Qxd4 8.
Nf3 Qd5 9. O-O Qd8 10. Ne5 h6 11. Qh5 g6 12. Qf3 Rh7 13. Rd1 Rg7 14. Be2 Qc7
15. Bf4 Nd5 16. Bg3 f5 17. Nxg6 Qa5 18. Qh5 fxe4 19. Nxf8+ Kxf8 20. Bd6+ Nge7
21. c4 Qd8 22. Be5 Rg6 23. Bg3 Qd7 24. Qe5 Nf5 25. cxd5 exd5 26. Bh5 Rg7 27.
Qf6+ Kg8 28. Be5 Qe7 29. g4 Nh4 30. Qxg7+ Qxg7 31. Bxg7 Kxg7 32. Kf1 b6 33. f4
exf3 34. Kf2 Kf6 35. Re1 Ba6 36. Kg3 Ng2 37. Rec1 Rf8 38. Kxf3 Nh4+ 39. Kf4 c5
40. Rc3 Bb5 41. Ra3 a6 42. Kg3 Kg5 43. Re3 Rf5 44. Rae1 d4 45. Re5 Rxe5 46.
Rxe5+ Kf6 47. Rd5 Bc4 48. Rd6+ Kg5 49. b3 Bd3 50. Rxb6 Nf5+ 51. gxf5 Kxh5 52.
Kf4 Be2 53. Rc6 d3 54. Ke3 Kg5 55. f6 Kg6 56. Rxa6 h5 57. Rd6 Bf1 58. a4 Kf7
59. a5 d2 60. Kxd2 Bh3 61. a6 Bg2 62. a7 h4 {Hossa resigns} 1-0

[Event "ICS rated standard match"]
[Site "204.178.125.65"]
[Date "2001.07.28"]
[Round "?"]
[White "Hossa-Tester"]
[Black "Hossa"]
[Result "1-0"]
[WhiteElo "2031"]
[BlackElo "2067"]
[PlyCount "124"]
[EventDate "2001.??.??"]

1. e4 c5 2. Nf3 e6 3. d4 cxd4 4. Nxd4 Nf6 5. Nc3 d6 6. g4 e5 7. Bb5+ Bd7 8.
Bxd7+ Qxd7 9. Nf5 g6 10. Ne3 Bg7 11. g5 Nh5 12. Nc4 O-O 13. Qxd6 Qg4 14. h3 Qg2
15. Rf1 Nc6 16. Be3 Rfd8 17. Qa3 Bf8 18. Qa4 Bb4 19. Nd2 Nf4 20. O-O-O Bxc3 21.
bxc3 Qxg5 22. h4 Qxh4 23. Rh1 Qe7 24. Kb2 Ng2 25. Bh6 b5 26. Qa6 Rab8 27. Nf3
Rxd1 28. Rxd1 Qc7 29. Nxe5 Qxe5 30. Qxc6 b4 31. Qd7 bxc3+ 32. Ka1 Re8 33. f3 a6
34. Rb1 g5 35. Rb7 Qe6 36. Qxe6 fxe6 37. Rg7+ Kh8 38. Rxg5 Rg8 39. Rc5 Ne1 40.
Rxc3 Rg3 41. Kb2 Nxf3 42. Bf4 Rh3 43. Ra3 Kg7 44. c4 Kf6 45. c5 e5 46. Rxa6+
Kg7 47. Be3 Ne1 48. Ra3 Rh2+ 49. Kb3 Re2 50. Bg1 Rxe4 51. c6 Rf4 52. Bh2 Rf3+
53. Ka4 Rf8 54. Bxe5+ Kf7 55. c7 Ke6 56. Re3 Ng2 57. Re2 Rc8 58. Bh2+ Kd7 59.
Rxg2 Rh8 60. Rd2+ Kc8 61. Rb2 Kd7 62. Rb8 Rc8 {Hossa resigns} 1-0

[Event "ICS rated blitz match"]
[Site "204.178.125.65"]
[Date "2001.07.28"]
[Round "?"]
[White "Hossa"]
[Black "ChesterX"]
[Result "0-1"]
[WhiteElo "2559"]
[BlackElo "2817"]
[PlyCount "125"]
[EventDate "2001.??.??"]

1. e4 e6 2. d4 d5 3. Nd2 Nf6 4. e5 Nfd7 5. c3 c5 6. Bd3 Nc6 7. Ne2 cxd4 8. cxd4
f6 9. exf6 Qxf6 10. Nf3 h6 11. Be3 Bb4+ 12. Nc3 Bxc3+ 13. bxc3 O-O 14. Qb3 Qf7
15. Qc2 e5 16. Bh7+ Kh8 17. Bg6 Qe6 18. Bh5 Nf6 19. Bg6 e4 20. Nh4 Ng4 21. Bh5
Nxe3 22. fxe3 Ne7 23. g3 Qf6 24. Ng2 g6 25. Bd1 g5 26. g4 Ng6 27. a4 Bd7 28.
Qd2 Rac8 29. Rb1 b6 30. Rc1 Be6 31. Rc2 Rc4 32. Rb2 Rc6 33. h3 Qf7 34. h4 Qc7
35. Rh3 gxh4 36. Rc2 Bd7 37. Nf4 Nxf4 38. exf4 Rxf4 39. Qh2 Rcf6 40. Rf2 Kg7
41. Rxf4 Rxf4 42. c4 dxc4 43. Kd2 c3+ 44. Ke3 c2 45. Qxc2 Qxc2 46. Bxc2 Rxg4
47. Rh1 Bc6 48. Bd1 Rg3+ 49. Kf4 Rd3 50. Ke5 e3 51. Rg1+ Kh8 52. Be2 Rd2 53.
Rc1 Bg2 54. Bg4 e2 55. Kf6 Bb7 56. Re1 Ba6 57. d5 h3 58. Rh1 Rxd5 59. Bxe2 Bxe2
60. Rxh3 Rd6+ 61. Ke5 Re6+ 62. Kd5 Kg7 63. Rh2 {Hossa resigns} 0-1

[Event "ICS rated blitz match"]
[Site "204.178.125.65"]
[Date "2001.07.28"]
[Round "?"]
[White "maniaka"]
[Black "Hossa"]
[Result "0-1"]
[WhiteElo "2466"]
[BlackElo "2553"]
[PlyCount "92"]
[EventDate "2001.??.??"]

1. e4 e6 2. d4 d5 3. Nd2 Nf6 4. Bd3 c5 5. e5 Nfd7 6. c3 cxd4 7. cxd4 b6 8. f4
Ba6 9. Ndf3 Bxd3 10. Qxd3 Nc6 11. a3 Be7 12. Ne2 O-O 13. O-O f5 14. exf6 Nxf6
15. Ng3 Ng4 16. Bd2 Rc8 17. Rae1 Qd7 18. Ne5 Ngxe5 19. fxe5 Nxd4 20. Kh1 Nc6
21. Nh5 Rxf1+ 22. Rxf1 Nxe5 23. Qh3 Bd6 24. Re1 Rf8 25. Nf4 Nc4 26. Qxe6+ Qxe6
27. Nxe6 Nxd2 28. Nxf8 Kxf8 29. Rd1 Bf4 30. g3 Be3 31. Kg2 Ke7 32. Rc1 Nc4 33.
Rd1 d4 34. b3 Nxa3 35. Kf3 Nb5 36. Ke4 Nc3+ 37. Kd3 Nxd1 38. b4 Nf2+ 39. Ke2 a5
40. bxa5 bxa5 41. h4 a4 42. g4 a3 43. Kf3 a2 44. g5 a1=Q 45. Kg3 Qg1+ 46. Kf3
Qg4# {maniaka checkmated} 0-1

[Event "ICS rated standard match"]
[Site "204.178.125.65"]
[Date "2001.07.28"]
[Round "?"]
[White "Hossa-Tester"]
[Black "Hossa"]
[Result "1-0"]
[WhiteElo "2017"]
[BlackElo "2049"]
[PlyCount "46"]
[EventDate "2001.??.??"]

1. e4 e6 2. d4 d5 3. Nc3 dxe4 4. Nxe4 Bd7 5. Bd3 Nf6 6. Bg5 Be7 7. Bxf6 gxf6 8.
Qh5 f5 9. Nc3 Bf6 10. Nf3 Nc6 11. d5 Nb4 12. O-O-O Qe7 13. dxe6 Bxe6 14. Bxf5
Qc5 15. Rhe1 Kf8 16. Rxe6 fxe6 17. Rd7 Nxa2+ 18. Kd1 Be7 19. Nd5 exd5 20. Be6
Nc3+ 21. bxc3 Kg7 22. Qg5+ Kf8 23. Qh6+ Ke8 {Hossa resigns} 1-0

[Event "ICS rated standard match"]
[Site "204.178.125.65"]
[Date "2001.07.28"]
[Round "?"]
[White "Hossa-Tester"]
[Black "Hossa"]
[Result "1-0"]
[WhiteElo "2034"]
[BlackElo "2032"]
[PlyCount "96"]
[EventDate "2001.??.??"]

1. e4 e6 2. d4 d5 3. Nc3 dxe4 4. Nxe4 Bd7 5. Bd3 Nf6 6. Bg5 Be7 7. Bxf6 gxf6 8.
Qh5 f5 9. Nc3 Bc6 10. Nf3 Nd7 11. O-O-O Nf6 12. Qh3 Bb4 13. Ne2 Ng4 14. Rhf1
Qf6 15. Kb1 Bd6 16. Nc3 O-O-O 17. Nb5 Kb8 18. Nxd6 Rxd6 19. c3 Bxf3 20. gxf3
Nh6 21. Rg1 e5 22. dxe5 Qxe5 23. Bc2 Ra6 24. Qg3 Qe6 25. Bb3 Qe8 26. Rge1 Qc8
27. Re7 Rd8 28. Rde1 Rg6 29. Qe5 Rd7 30. Rxd7 Qxd7 31. Qh8+ Rg8 32. Qxh7 Qc6
33. Bxf7 Rd8 34. Be6 Qxf3 35. Qxh6 f4 36. Bc4 a6 37. a3 b5 38. Bb3 Qxf2 39. Re4
f3 40. Qxa6 Qc5 41. Qf6 Rf8 42. Bf7 Qg1+ 43. Ka2 f2 44. Rf4 Qd1 45. Rxf2 Qd7
46. h4 Ka7 47. h5 Qd6 48. Qxd6 cxd6 {Hossa resigns} 1-0

[Event "ICS rated standard match"]
[Site "204.178.125.65"]
[Date "2001.07.28"]
[Round "?"]
[White "Hossa-Tester"]
[Black "Hossa"]
[Result "1/2-1/2"]
[WhiteElo "2064"]
[BlackElo "2002"]
[PlyCount "138"]
[EventDate "2001.??.??"]

1. e4 e6 2. d4 d5 3. Nc3 dxe4 4. Nxe4 Nd7 5. Bd3 Ngf6 6. Bg5 h6 7. Bxf6 Nxf6 8.
c3 Nxe4 9. Bxe4 Bd6 10. Nf3 O-O 11. O-O Qf6 12. Re1 Rd8 13. b4 g6 14. a4 a5 15.
b5 Rb8 16. Ne5 Bxe5 17. dxe5 Qg5 18. Qf3 Kg7 19. c4 Qxe5 20. Bxg6 Qf6 21. Be4
Qxf3 22. Bxf3 Rd2 23. c5 Kf6 24. Red1 Rc2 25. Rac1 Rxc1 26. Rxc1 e5 27. b6 c6
28. Rd1 Be6 29. Kf1 Kf5 30. h3 Bc4+ 31. Ke1 e4 32. Be2 Bb3 33. Rd2 Bxa4 34. Ra2
Bb3 35. Rxa5 Ke5 36. Ra3 Be6 37. Ra5 Kd4 38. g4 f5 39. gxf5 Bxf5 40. Ra4+ Kd5
41. h4 Bd7 42. Ra5 Kd4 43. Kd2 Rf8 44. Ke1 Rf4 45. Ra7 Bc8 46. Ra8 Bg4 47. Rb8
Bxe2 48. Kxe2 Rxh4 49. Rxb7 Rh3 50. Re7 Kxc5 51. b7 Rb3 52. Rh7 Kd5 53. Rd7+
Kc4 54. Kd2 h5 55. Kc2 Rb5 56. Re7 Kd5 57. Rd7+ Ke6 58. Rh7 c5 59. Rxh5 Kd6 60.
Rh4 Rxb7 61. Rxe4 Kd5 62. Re8 Kd4 63. Rd8+ Kc4 64. f4 Rf7 65. Ra8 Rg7 66. Kd2
Rd7+ 67. Ke3 Re7+ 68. Kd2 Rd7+ 69. Ke3 Re7+ {Game drawn by mutual agreement}
1/2-1/2

[Event "ICS rated blitz match"]
[Site "204.178.125.65"]
[Date "2001.07.28"]
[Round "?"]
[White "Hossa"]
[Black "AceKloy"]
[Result "1-0"]
[WhiteElo "2544"]
[BlackElo "2030"]
[PlyCount "103"]
[EventDate "2001.??.??"]

1. d4 b6 2. c4 Bb7 3. Nf3 e6 4. e3 Bb4+ 5. Bd2 Bxd2+ 6. Nbxd2 Nf6 7. Bd3 d5 8.
cxd5 exd5 9. Qc2 h6 10. Ne5 O-O 11. O-O-O Nbd7 12. Bf5 Nxe5 13. dxe5 Nd7 14. e6
Nc5 15. exf7+ Kh8 16. Bg6 Qf6 17. f3 Nd7 18. f4 Nc5 19. Nf3 Ne4 20. Ne5 Rad8
21. Bxe4 dxe4 22. Rxd8 Rxd8 23. Rd1 Rf8 24. Nd7 Qxf7 25. Nxf8 Qxf8 26. Qxc7
Qc5+ 27. Qxc5 bxc5 28. Rd7 Ba6 29. Rxa7 Bd3 30. Rc7 c4 31. Kd2 Kh7 32. Kc3 Kg6
33. Kd4 Kf6 34. g4 Ke6 35. Rxg7 Kf6 36. Rc7 Ke6 37. Rc6+ Kd7 38. Rxh6 Ke7 39.
h3 Kd7 40. a3 Ke7 41. a4 Kf7 42. Rh7+ Kg6 43. Rh5 Kf6 44. a5 Ke6 45. a6 c3 46.
Rh6+ Kd7 47. Rh7+ Kc6 48. a7 cxb2 49. a8=Q+ Kb5 50. Qb8+ Kc6 51. Rc7+ Kd6 52.
Qb6# {AceKloy checkmated} 1-0

[Event "ICS rated blitz match"]
[Site "204.178.125.65"]
[Date "2001.07.29"]
[Round "?"]
[White "winner3"]
[Black "Hossa"]
[Result "0-1"]
[WhiteElo "2720"]
[BlackElo "2548"]
[PlyCount "200"]
[EventDate "2001.??.??"]

1. e4 e6 2. d4 d5 3. Nd2 Nf6 4. e5 Nfd7 5. c3 c5 6. Bd3 Nc6 7. Ne2 cxd4 8. cxd4
f6 9. Nf4 Qe7 10. Qh5+ Qf7 11. Bg6 hxg6 12. Qxh8 Nxd4 13. O-O Nxe5 14. Nb3 Nc2
15. Rb1 g5 16. Ne2 Bd7 17. Rd1 Bb5 18. Ned4 Nxd4 19. Nxd4 Bd3 20. Ra1 O-O-O 21.
Qh3 g4 22. Qg3 Bd6 23. Bf4 Bc4 24. b3 Ba6 25. a4 Kb8 26. Qe3 g5 27. Bg3 Qd7 28.
Nb5 Bxb5 29. axb5 b6 30. Qe2 Rc8 31. Rdc1 Rc7 32. Rab1 Rc5 33. Rxc5 bxc5 34.
Ra1 Nf7 35. b6 axb6 36. Qa6 Qb7 37. Qb5 Ne5 38. Qe8+ Kc7 39. Qxe6 d4 40. Qxf6
Qe4 41. b4 Kc6 42. Qd8 Qf5 43. bxc5 Kxc5 44. Rc1+ Kd5 45. Qxb6 Qd7 46. Qb3+ Ke4
47. Re1+ Kf5 48. Qd5 Qe6 49. Qe4+ Kf6 50. Qxd4 Kf5 51. Re3 Kf6 52. Kh1 Kf5 53.
Re1 Kf6 54. Re2 Kf5 55. Re3 Kf6 56. Re1 Kf5 57. Qe4+ Kf6 58. Kg1 Qf5 59. Qd4
Qe6 60. Re3 Bc7 61. Re2 Kf5 62. Kf1 Kf6 63. Re1 Bd6 64. Re4 Kf5 65. Re2 Kf6 66.
Kg1 Bc7 67. Qc5 Bd6 68. Qb5 Bc7 69. Re3 Bd6 70. Qb6 Kf5 71. Qb1+ Kf6 72. Qe1
Qd5 73. Qc3 Qb5 74. Re1 Qd5 75. Kh1 Qe6 76. Qd2 Bc7 77. Bxe5+ Bxe5 78. Qd8+ Kf5
79. Qf8+ Kg6 80. Qa8 Kf7 81. Qd8 Kg6 82. Re4 Kf5 83. Rxg4 Bf4 84. Qd1 Qc6 85.
h3 Qa8 86. Qb1+ Kf6 87. Qd1 Kf5 88. Qb1+ Kf6 89. Kg1 Qc6 90. g3 Bd2 91. Qb2+
Bc3 92. Qc1 Qc5 93. Qf1 Bd4 94. Kg2 Qc6+ 95. Kh2 Be5 96. h4 gxh4 97. Rxh4 Qf3
98. Kh3 Bxg3 99. Rh6+ Kg5 100. Qg2 Qg4# {winner3 checkmated} 0-1

[Event "ICS Rated blitz match"]
[Site "204.178.125.65"]
[Date "2001.07.29"]
[Round "?"]
[White "kako"]
[Black "Hossa"]
[Result "1/2-1/2"]
[WhiteElo "2047"]
[BlackElo "2571"]
[PlyCount "62"]
[EventDate "2001.??.??"]

1. e4 e5 2. Nf3 Nc6 3. Bb5 a6 4. Bxc6 dxc6 5. O-O Qd6 6. d4 exd4 7. Qxd4 Qxd4
8. Nxd4 Bd7 9. Be3 Nf6 10. Nc3 Bd6 11. h3 O-O 12. a3 Rfe8 13. f3 Rad8 14. Bf2
c5 15. Nde2 c4 16. Rad1 Nh5 17. g4 Nf4 18. Nxf4 Bxf4 19. Kg2 Bc6 20. Bg3 Bxg3
21. Kxg3 Kf8 22. Rxd8 Rxd8 23. Rd1 Rxd1 24. Nxd1 Ke7 25. c3 Kf6 26. Kf4 g5+ 27.
Kg3 b5 28. Ne3 Ke5 29. Nf5 Bd7 30. Ne3 Bc6 31. Nf5 Bd7 {
Game drawn by mutual agreement} 1/2-1/2

[Event "ICS rated standard match"]
[Site "204.178.125.65"]
[Date "2001.07.29"]
[Round "?"]
[White "Hossa"]
[Black "monsoon"]
[Result "0-1"]
[WhiteElo "1992"]
[BlackElo "2460"]
[PlyCount "77"]
[EventDate "2001.??.??"]

1. d4 Nf6 2. Bg5 e6 3. e4 h6 4. Bxf6 Qxf6 5. Nf3 d6 6. Nbd2 Nd7 7. c3 g6 8. Bd3
Bg7 9. Qc2 O-O 10. g4 Qf4 11. Rg1 e5 12. O-O-O exd4 13. cxd4 c5 14. d5 Ne5 15.
Nxe5 Bxe5 16. f3 b5 17. h4 c4 18. Bf1 Qh2 19. Rg2 Qxh4 20. Kb1 a5 21. Be2 Bb7
22. Rf1 Qh3 23. Rgg1 Bg7 24. Rh1 Qg2 25. Qd1 c3 26. bxc3 Qg3 27. Bxb5 Rfb8 28.
Qe2 Qe5 29. Nb3 Qxc3 30. Rc1 Qb4 31. Qc4 Qa3 32. Rc2 a4 33. Nd4 Ba6 34. Rch2
Rxb5+ 35. Nxb5 Rb8 36. Kc2 Bxb5 37. Qc7 Bd3+ 38. Kd2 Rb2+ 39. Ke1 {
Hossa resigns} 0-1

[Event "ICS rated blitz match"]
[Site "204.178.125.65"]
[Date "2001.07.29"]
[Round "?"]
[White "Hossa"]
[Black "sneakm"]
[Result "1/2-1/2"]
[WhiteElo "2556"]
[BlackElo "2257"]
[PlyCount "53"]
[EventDate "2001.??.??"]

1. d4 d5 2. Bg5 h6 3. Bh4 g6 4. e3 Bg7 5. Nf3 c6 6. c4 Nf6 7. cxd5 cxd5 8. Nc3
O-O 9. Bd3 Nc6 10. O-O Bg4 11. Bxf6 Bxf6 12. Qb3 Bxf3 13. gxf3 e5 14. Nxd5 Bg7
15. Qxb7 Na5 16. Qb5 exd4 17. e4 Rb8 18. Qc5 Rxb2 19. Ba6 Kh7 20. f4 Qh4 21. h3
Qxh3 22. Qxa5 Qg4+ 23. Kh2 Qh4+ 24. Kg2 Qg4+ 25. Kh1 Qh3+ 26. Kg1 Qg4+ 27. Kh2
{Game drawn by mutual agreement} 1/2-1/2

[Event "ICS rated blitz match"]
[Site "204.178.125.65"]
[Date "2001.07.29"]
[Round "?"]
[White "sneakm"]
[Black "Hossa"]
[Result "0-1"]
[WhiteElo "2268"]
[BlackElo "2545"]
[PlyCount "108"]
[EventDate "2001.??.??"]

1. e4 e6 2. d3 d5 3. Nd2 Nf6 4. g3 c5 5. Bg2 Nc6 6. Ngf3 Bd6 7. O-O O-O 8. Re1
Qc7 9. Nf1 dxe4 10. dxe4 Rd8 11. Qe2 e5 12. Nh4 Nd4 13. Qd1 c4 14. c3 Bg4 15.
Qd2 Ne6 16. h3 Be7 17. Qc2 Bh5 18. Nf5 Nc5 19. Nxe7+ Qxe7 20. Bg5 Nd3 21. Ne3
Nxe1 22. Rxe1 Qe6 23. Nd5 Nxd5 24. exd5 Rxd5 25. Bxd5 Qxd5 26. Qe4 Qxe4 27.
Rxe4 f6 28. Be3 b5 29. Bc5 Rd8 30. Re1 Rd2 31. Ba3 Bf3 32. Rc1 Kf7 33. Re1 Ke6
34. Rc1 f5 35. Re1 a5 36. Rc1 g5 37. Re1 Kd5 38. Rc1 h6 39. Re1 Ke6 40. h4 g4
41. Rc1 h5 42. Re1 Be4 43. Rc1 b4 44. cxb4 c3 45. bxc3 Rxa2 46. bxa5 Rxa3 47.
c4 Rxa5 48. c5 Kd7 49. Re1 Rxc5 50. f4 gxf3 51. Kf2 Rc2+ 52. Kf1 Bd3+ 53. Kg1
f2+ 54. Kg2 f1=Q# {sneakm checkmated} 0-1

[Event "ICS rated blitz match"]
[Site "204.178.125.65"]
[Date "2001.07.29"]
[Round "?"]
[White "Hossa"]
[Black "sneakm"]
[Result "1-0"]
[WhiteElo "2550"]
[BlackElo "2263"]
[PlyCount "73"]
[EventDate "2001.??.??"]

1. d4 d5 2. Bg5 Nd7 3. Nc3 Ndf6 4. e3 Ne4 5. Nxe4 dxe4 6. Bc4 Nf6 7. Ne2 g6 8.
Nc3 Bf5 9. Bxf6 exf6 10. Bd5 Bb4 11. Bxb7 Rb8 12. Bc6+ Kf8 13. O-O h5 14. Rb1
h4 15. Bxe4 Qd7 16. Bxf5 Qxf5 17. e4 Qd7 18. Nd5 Be7 19. Qf3 Kg7 20. Qf4 h3 21.
g3 c6 22. Nxe7 Qxe7 23. c3 c5 24. d5 Qd7 25. c4 Rhe8 26. b3 Re5 27. f3 Rg5 28.
Qxb8 f5 29. d6 Qe6 30. Rbd1 f4 31. d7 fxg3 32. d8=Q gxh2+ 33. Kh1 Rg1+ 34. Rxg1
hxg1=Q+ 35. Rxg1 g5 36. Qh8+ Kg6 37. Qbg8# {sneakm checkmated} 1-0

[Event "ICS rated blitz match"]
[Site "204.178.125.65"]
[Date "2001.07.29"]
[Round "?"]
[White "sneakm"]
[Black "Hossa"]
[Result "0-1"]
[WhiteElo "2258"]
[BlackElo "2555"]
[PlyCount "106"]
[EventDate "2001.??.??"]

1. e4 e6 2. Nc3 d5 3. d4 dxe4 4. Nxe4 Be7 5. c3 Bd7 6. Bd3 Nf6 7. Nf3 Nxe4 8.
Bxe4 Bc6 9. Qe2 O-O 10. O-O Bxe4 11. Qxe4 Nc6 12. Bf4 Bf6 13. Ne5 Bxe5 14. dxe5
Qh4 15. g3 Qh3 16. Rfe1 Rfd8 17. b4 Rd5 18. Rad1 g5 19. Rxd5 exd5 20. Qxd5 Rd8
21. Qb5 gxf4 22. e6 fxe6 23. Qg5+ Kf8 24. Qf6+ Ke8 25. Qxf4 e5 26. Qf6 Qh5 27.
b5 Rd1 28. Qe6+ Ne7 29. Rxd1 Qxd1+ 30. Kg2 Qd5+ 31. Qxd5 Nxd5 32. f4 Nxc3 33.
fxe5 Nxa2 34. Kf3 Ke7 35. Ke4 Nc3+ 36. Kd4 Nxb5+ 37. Kc5 c6 38. g4 b6+ 39. Kb4
a5+ 40. Kc4 Ke6 41. h4 Kxe5 42. h5 Nd6+ 43. Kb3 b5 44. Kc3 Ne4+ 45. Kb3 c5 46.
h6 Kf4 47. Ka3 b4+ 48. Ka4 c4 49. Kxa5 b3 50. Kb4 b2 51. Ka3 b1=Q 52. Ka4 Nc3+
53. Ka3 Qb3# {sneakm checkmated} 0-1

[Event "ICS rated blitz match"]
[Site "204.178.125.65"]
[Date "2001.07.29"]
[Round "?"]
[White "Hossa"]
[Black "mcdean"]
[Result "1-0"]
[WhiteElo "2560"]
[BlackElo "2160"]
[PlyCount "51"]
[EventDate "2001.??.??"]

1. Nf3 g6 2. c4 Bg7 3. e4 a6 4. d4 c6 5. Bd3 b5 6. c5 d6 7. cxd6 exd6 8. O-O
Ne7 9. a4 Bb7 10. axb5 cxb5 11. Nc3 O-O 12. Be3 Nd7 13. b4 Kh8 14. Qd2 f5 15.
Ng5 Rf6 16. d5 Ne5 17. Ne6 Qc8 18. Nxg7 Kxg7 19. Bd4 f4 20. Be2 h5 21. Na2 Qh8
22. Rfc1 Rc8 23. Rxc8 Bxc8 24. Qc3 g5 25. Qc7 Kf7 26. Bxe5 {mcdean resigns} 1-0

[Event "ICS rated blitz match"]
[Site "204.178.125.65"]
[Date "2001.07.29"]
[Round "?"]
[White "Hossa"]
[Black "cybergcuzco"]
[Result "1-0"]
[WhiteElo "2563"]
[BlackElo "2015"]
[PlyCount "69"]
[EventDate "2001.??.??"]

1. d4 d6 2. c4 c6 3. e4 e6 4. Nc3 Nf6 5. Nf3 Be7 6. Bd3 O-O 7. e5 Nfd7 8. exd6
Bxd6 9. O-O h6 10. Be3 e5 11. Qc2 exd4 12. Bxd4 c5 13. Nb5 Bxh2+ 14. Nxh2 cxd4
15. Nxd4 Ne5 16. Rfd1 Qh4 17. g3 Qf6 18. Be4 Nbc6 19. Nb5 Be6 20. Nd6 Rab8 21.
Bg2 Rfd8 22. c5 Nb4 23. Qe4 Nec6 24. a3 Na6 25. Nxb7 Rxb7 26. Qxc6 Nxc5 27.
Rxd8+ Qxd8 28. Qxc5 Rxb2 29. Qxa7 Qd2 30. Be4 g6 31. Nf3 Qe2 32. Qd4 Kh7 33.
Re1 Qa6 34. Qxb2 Qb6 35. Qxb6 {cybergcuzco resigns} 1-0

[Event "ICS rated blitz match"]
[Site "204.178.125.65"]
[Date "2001.07.29"]
[Round "?"]
[White "cybergcuzco"]
[Black "Hossa"]
[Result "0-1"]
[WhiteElo "2014"]
[BlackElo "2564"]
[PlyCount "53"]
[EventDate "2001.??.??"]

1. e4 e6 2. Nf3 d5 3. e5 Nd7 4. d4 c5 5. c3 cxd4 6. cxd4 f6 7. Bb5 a6 8. Ba4 b5
9. Bb3 fxe5 10. dxe5 Bc5 11. O-O Ne7 12. Ng5 Nxe5 13. Nc3 N7c6 14. Qh5+ g6 15.
Qh3 Qe7 16. Kh1 O-O 17. f4 Qxg5 18. Be3 Qe7 19. fxe5 Nxe5 20. Bh6 Rf6 21. Qg3
Nf7 22. Qh3 g5 23. Rxf6 Qxf6 24. Bxg5 Qxg5 25. Qf3 Ne5 26. Qd1 Ng4 27. Nxd5 {
cybergcuzco resigns} 0-1

[Event "ICS Rated blitz match"]
[Site "204.178.125.65"]
[Date "2001.07.29"]
[Round "?"]
[White "Hossa"]
[Black "kjhamster"]
[Result "1-0"]
[WhiteElo "2565"]
[BlackElo "2180"]
[PlyCount "77"]
[EventDate "2001.??.??"]

1. d4 d5 2. Bg5 Nd7 3. Nf3 Ngf6 4. e3 Ne4 5. Bh4 c5 6. dxc5 Qa5+ 7. c3 Qxc5 8.
Nbd2 Nxd2 9. Qxd2 e6 10. Bd3 Be7 11. Bg3 O-O 12. b4 Qb6 13. O-O Bd6 14. Bxd6
Qxd6 15. c4 Ne5 16. Be2 Rd8 17. Rfd1 Nc6 18. b5 Ne7 19. cxd5 exd5 20. Rac1 Be6
21. a4 Rac8 22. a5 Rxc1 23. Rxc1 Rc8 24. Nd4 Rxc1+ 25. Qxc1 Qd7 26. Bd3 Qc8 27.
Qe1 Qc5 28. h3 b6 29. a6 Kf8 30. g4 Bd7 31. Kg2 h6 32. Qa1 Nc8 33. Bf5 Bxf5 34.
Nxf5 f6 35. Qa4 Nd6 36. Qf4 Nxf5 37. Qb8+ Kf7 38. gxf5 Qe7 39. Qb7 {
kjhamster resigns} 1-0

[Event "ICS rated blitz match"]
[Site "204.178.125.65"]
[Date "2001.07.29"]
[Round "?"]
[White "Yaz"]
[Black "Hossa"]
[Result "1/2-1/2"]
[WhiteElo "2231"]
[BlackElo "2568"]
[PlyCount "50"]
[EventDate "2001.??.??"]

1. e4 e6 2. d4 d5 3. Nc3 dxe4 4. Nxe4 Bd7 5. Nf3 Bc6 6. Bd3 Nf6 7. Qe2 Nxe4 8.
Bxe4 Bxe4 9. Qxe4 Nc6 10. c3 Qd5 11. Qxd5 exd5 12. Bg5 Kd7 13. O-O-O f6 14. Bf4
g5 15. Bg3 h5 16. h4 g4 17. Ne1 Bd6 18. Nd3 Bxg3 19. fxg3 Rae8 20. Rde1 Rxe1+
21. Rxe1 Kd6 22. Nf4 Rh6 23. Re6+ Kd7 24. Re1 Kd6 25. Re6+ Kd7 {
Game drawn by mutual agreement} 1/2-1/2

[Event "ICS rated standard match"]
[Site "204.178.125.65"]
[Date "2001.07.29"]
[Round "?"]
[White "fitter"]
[Black "Hossa"]
[Result "1-0"]
[WhiteElo "2233"]
[BlackElo "1990"]
[PlyCount "86"]
[EventDate "2001.??.??"]

1. d4 d5 2. Nf3 Nf6 3. c4 e6 4. Nc3 c6 5. Bg5 h6 6. Bh4 dxc4 7. e4 g5 8. Bg3
Bb4 9. Bxc4 Nxe4 10. O-O Nxc3 11. bxc3 Bxc3 12. Rc1 Ba5 13. Ne5 h5 14. f4 Bb6
15. fxg5 Qxd4+ 16. Kh1 Qxd1 17. Rcxd1 Rf8 18. Be2 h4 19. Bxh4 Nd7 20. Nxd7 Bxd7
21. g6 fxg6 22. Rxf8+ Kxf8 23. Rxd7 Rc8 24. Rxb7 Rc7 25. Rxc7 Bxc7 26. Bg5 Kf7
27. g4 c5 28. h4 Be5 29. h5 gxh5 30. gxh5 Bf6 31. Bc1 e5 32. Be3 Be7 33. h6 a5
34. Kg2 Bd6 35. Bc4+ Kf6 36. Kf3 Kg6 37. Bd3+ Kf7 38. Ke4 a4 39. Kd5 Be7 40.
Bxc5 Bf6 41. Be4 Bh8 42. Bd6 Bf6 43. Bxe5 Bxe5 {Hossa resigns} 1-0

[Event "ICS rated blitz match"]
[Site "204.178.125.65"]
[Date "2001.07.29"]
[Round "?"]
[White "DefaultSwap"]
[Black "Hossa"]
[Result "0-1"]
[WhiteElo "2054"]
[BlackElo "2561"]
[PlyCount "54"]
[EventDate "2001.??.??"]

1. e4 e6 2. d4 d5 3. e5 Nc6 4. c3 f6 5. Nf3 fxe5 6. Nxe5 Nxe5 7. dxe5 g6 8. Bd3
Bg7 9. h4 Bxe5 10. h5 g5 11. h6 Kd7 12. Qg4 Bf6 13. c4 c6 14. Nc3 Kc7 15. cxd5
exd5 16. Qa4 Be6 17. Be3 d4 18. O-O-O dxc3 19. bxc3 Bxc3 20. Bf5 Bd5 21. Kc2 b5
22. Qa6 Qf8 23. g4 Qb4 24. Bxa7 Qb2+ 25. Kd3 Bc4+ 26. Ke4 Qe2+ 27. Be3 Nf6# {
DefaultSwap checkmated} 0-1

[Event "ICS rated blitz match"]
[Site "204.178.125.65"]
[Date "2001.07.29"]
[Round "?"]
[White "Hossa"]
[Black "DefaultSwap"]
[Result "1-0"]
[WhiteElo "2563"]
[BlackElo "2052"]
[PlyCount "67"]
[EventDate "2001.??.??"]

1. e4 e5 2. Nf3 Nc6 3. Bb5 a6 4. Ba4 Nf6 5. O-O Be7 6. Re1 b5 7. Bb3 O-O 8. c3
d5 9. exd5 Nxd5 10. Nxe5 Nxe5 11. Rxe5 c6 12. d3 Bd6 13. Re1 Bc7 14. d4 Qh4 15.
g3 Qh3 16. Re4 g5 17. Qf1 Qf5 18. Bc2 Nf6 19. Re2 Qg4 20. Bd1 Qf5 21. Qg2 Bb7
22. Bc2 Qg4 23. f3 Qh5 24. a4 Rab8 25. axb5 cxb5 26. g4 Qh4 27. Be3 Rbe8 28.
Nd2 Rxe3 29. Rxe3 Nxg4 30. Qxg4 Qxh2+ 31. Kf1 Qxd2 32. Qxg5+ Kh8 33. Qh6 Qxe3
34. Qxf8# {DefaultSwap checkmated} 1-0

[Event "ICS rated blitz match"]
[Site "204.178.125.65"]
[Date "2001.07.29"]
[Round "?"]
[White "Hossa"]
[Black "DefaultSwap"]
[Result "1-0"]
[WhiteElo "2567"]
[BlackElo "2048"]
[PlyCount "25"]
[EventDate "2001.??.??"]

1. d4 Nf6 2. c4 c5 3. Nf3 cxd4 4. Nxd4 e5 5. Nb5 d5 6. cxd5 Bc5 7. d6 Bxf2+ 8.
Kxf2 Qb6+ 9. e3 Ng4+ 10. Kg1 Nxe3 11. Nc7+ Kf8 12. Nxa8 Qc5 13. b4 {
DefaultSwap resigns} 1-0

[Event "ICS rated standard match"]
[Site "204.178.125.65"]
[Date "2001.07.29"]
[Round "?"]
[White "monsoon"]
[Black "Hossa"]
[Result "1/2-1/2"]
[WhiteElo "2462"]
[BlackElo "1988"]
[PlyCount "92"]
[EventDate "2001.??.??"]

1. e4 e6 2. d4 d5 3. Nc3 dxe4 4. Nxe4 c5 5. dxc5 Qxd1+ 6. Kxd1 Nf6 7. Nxf6+
gxf6 8. Be3 Nc6 9. Bb5 Bd7 10. Nf3 Ne5 11. Bxd7+ Kxd7 12. Ke2 Kc6 13. Nd4+ Kc7
14. b4 Rg8 15. Rhg1 Nc4 16. a4 a5 17. c3 Rd8 18. Nb5+ Kc6 19. g3 f5 20. Rgd1
Bg7 21. Na7+ Kc7 22. bxa5 Be5 23. f4 Bg7 24. Rxd8 Rxd8 25. Rb1 Nxe3 26. Kxe3
Ra8 27. Nb5+ Kc6 28. Nd6 Rxa5 29. Nxb7 Rxa4 30. Rb6+ Kd7 31. Nd6 Bxc3 32. Nb5
Bb4 33. c6+ Kc8 34. Kd3 Bc5 35. Rb7 Ra6 36. Rc7+ Kb8 37. Kc4 Rb6 38. Kxc5 Rxb5+
39. Kxb5 Kxc7 40. h3 h5 41. Kc5 f6 42. Kb5 Kd8 43. Ka5 Kc7 44. Kb5 Kd8 45. Kb6
Kc8 46. Ka5 Kc7 {Game drawn by mutual agreement} 1/2-1/2